[Event "FIDE WCC Blitz 2016 Men"]
[Site "Doha"]
[Date "2016.12.30"]
[Round "15"]
[White "Tregubov, Pavel V"]
[Black "Mareco, Sandro"]
[Result "0-1"]
[WhiteElo "2585"]
[BlackElo "2635"]
[PlyCount "80"]
[EventDate "2016.??.??"]
[EventType "blitz"]
[EventCountry "QAT"]
[SourceTitle "playchess.com"]
[Source "ChessBase"]

1. d4 Nf6 2. c4 e6 3. Nc3 Bb4 4. e3 O-O 5. Bd3 d5 6. Nge2 c5 7. cxd5 exd5 8.
O-O Nc6 9. a3 Bxc3 10. bxc3 Re8 11. Ng3 b6 12. f3 a5 13. Kh1 Ba6 14. Bxa6 Rxa6
15. Ra2 Ra7 16. a4 Rae7 17. Qb3 cxd4 18. cxd4 Nb4 19. Re2 Rc7 20. Ba3 Rc4 21.
Rd1 Qd7 22. Bb2 Rec8 23. e4 Nc2 24. e5 Ne8 25. Qd3 g6 26. f4 Qxa4 27. f5 Nb4
28. Qb1 Qa2 29. Qxa2 Nxa2 30. e6 fxe6 31. fxg6 Rc2 32. gxh7+ Kxh7 33. Rxe6 Rxb2
34. Nf5 a4 35. h4 Nc3 36. Rd3 Ne4 37. Rf3 N8f6 38. Kh2 Rg8 39. Re7+ Kh8 40. Kh3
Rgxg2 0-1

[Event "FIDE WCC Blitz 2016 Men"]
[Site "Doha"]
[Date "2016.12.30"]
[Round "16"]
[White "Amonatov, Farrukh"]
[Black "Fressinet, Laurent"]
[Result "1-0"]
[WhiteElo "2620"]
[BlackElo "2672"]
[PlyCount "100"]
[EventDate "2016.??.??"]
[EventType "blitz"]
[EventCountry "QAT"]
[SourceTitle "playchess.com"]
[Source "ChessBase"]

1. e4 e5 2. Nf3 Nc6 3. Nc3 Nf6 4. g3 Bb4 5. Bg2 Bxc3 6. dxc3 d6 7. Nd2 Be6 8.
O-O Qd7 9. Re1 Bh3 10. Nf1 h5 11. Bg5 Nh7 12. Bd2 h4 13. Bxh3 Qxh3 14. g4 Nf6
15. f3 O-O-O 16. Bg5 d5 17. Bxf6 gxf6 18. Qe2 Ne7 19. Qg2 Qxg2+ 20. Kxg2 Ng6
21. Kf2 Nf4 22. Rad1 c6 23. Ne3 Rd7 24. exd5 cxd5 25. Ng2 Ng6 26. h3 Rhd8 27.
f4 d4 28. f5 Ne7 29. cxd4 Nc6 30. Nxh4 Nxd4 31. c3 Nc6 32. Rxd7 Rxd7 33. Nf3
Rd8 34. h4 Rg8 35. g5 fxg5 36. hxg5 f6 37. Kg3 Kd7 38. Kg4 Ke7 39. Rh1 e4 40.
Re1 fxg5 41. Rxe4+ Kd6 42. Re6+ Kd5 43. Rg6 Re8 44. Rg7 b5 45. Rd7+ Kc5 46. f6
Rf8 47. f7 Nd8 48. Nxg5 Kc6 49. Rxd8 Rxd8 50. Ne6 Kd5 1-0

[Event "FIDE WCC Blitz 2016 Men"]
[Site "Doha"]
[Date "2016.12.30"]
[Round "16"]
[White "Halkias, Stelios"]
[Black "Zhigalko, Sergei"]
[Result "0-1"]
[WhiteElo "2585"]
[BlackElo "2671"]
[PlyCount "96"]
[EventDate "2016.??.??"]
[EventType "blitz"]
[EventCountry "QAT"]
[SourceTitle "playchess.com"]
[Source "ChessBase"]

1. d4 Nf6 2. Nf3 e6 3. e3 b6 4. Bd3 Bb7 5. O-O d5 6. b3 Bd6 7. Bb2 O-O 8. c4
Nbd7 9. Nc3 a6 10. Rc1 Ne4 11. Ne2 Qe7 12. Ng3 f5 13. Ne5 Nxe5 14. dxe5 Bc5 15.
cxd5 exd5 16. Ne2 a5 17. Kh1 Qh4 18. Bxe4 fxe4 19. Nf4 Rxf4 20. exf4 d4 21. b4
axb4 22. Qb3+ Kh8 23. Qf7 Ba6 24. Qd5 Rf8 25. Qxe4 Bxf1 26. Rxf1 Qxf4 27. Qe2
Qf5 28. e6 d3 29. Qd2 Qxe6 30. Qxd3 Qxa2 31. Be5 Qf7 32. f4 Kg8 33. Rf3 Bd6 34.
Bxd6 Rd8 35. h3 Rxd6 36. Qe4 b3 37. Rxb3 Rd8 38. Re3 h6 39. Qe5 c5 40. Ra3 Qf6
41. Qe4 Qd4 42. Qe6+ Kh8 43. Rf3 c4 44. Qc6 Qc5 45. Qxc5 bxc5 46. Rc3 Rd4 47.
g3 Kg8 48. Kg2 Kf7 0-1

[Event "FIDE WCC Blitz 2016 Men"]
[Site "Doha"]
[Date "2016.12.30"]
[Round "16"]
[White "Kozul, Zdenko"]
[Black "Maghsoodloo, Parham"]
[Result "0-1"]
[WhiteElo "2613"]
[BlackElo "2584"]
[PlyCount "171"]
[EventDate "2016.??.??"]
[EventType "blitz"]
[EventCountry "QAT"]
[SourceTitle "playchess.com"]
[Source "ChessBase"]

1. d4 Nf6 2. Nf3 g6 3. c4 Bg7 4. Nc3 d5 5. Qb3 dxc4 6. Qxc4 O-O 7. e4 Be6 8.
Qd3 c5 9. d5 Bc8 10. Be2 b6 11. O-O Nfd7 12. Bf4 Ba6 13. Qd2 Bxe2 14. Qxe2 e5
15. Be3 a6 16. a4 h6 17. Rfd1 f5 18. g3 f4 19. Bc1 g5 20. Nd2 Nf6 21. g4 h5 22.
h3 hxg4 23. hxg4 Ne8 24. f3 Nd6 25. Nc4 Nxc4 26. Qxc4 Qd6 27. Bd2 Nd7 28. Be1
Rf6 29. Kg2 Rh6 30. Bf2 Nf6 31. Rh1 Qd7 32. Rxh6 Bxh6 33. Rh1 Bf8 34. d6+ Qf7
35. Qxf7+ Kxf7 36. a5 Bxd6 37. axb6 Rb8 38. Na4 Nd7 39. Rh7+ Ke6 40. Rh6+ Ke7
41. b3 Nxb6 42. Nxc5 Nc8 43. Rh7+ Ke8 44. Rh8+ Ke7 45. Nxa6 Ra8 46. Nc5 Bxc5
47. Bxc5+ Kd7 48. Rh6 Ra2+ 49. Kf1 Rb2 50. b4 Rb3 51. Ke2 Rb2+ 52. Kd1 Rb3 53.
Rh3 Kc6 54. Kc2 Ra3 55. Rh8 Na7 56. Ra8 Nb5 57. Rxa3 Nxa3+ 58. Kd3 Kd7 59. Bf8
Ke6 60. Bc5 Kd7 61. Kc3 Nb1+ 62. Kc2 Na3+ 63. Kb3 Nb1 64. Kc2 Na3+ 65. Kb2 Nc4+
66. Kc3 Na3 67. Bf2 Kc6 68. Bc5 Kd7 69. Bb6 Ke7 70. Kb3 Nb1 71. Kc2 Na3+ 72.
Kd3 Kd7 73. Bc5 Ke6 74. Kc3 Nb1+ 75. Kc2 Na3+ 76. Kb3 Nb1 77. b5 Nd2+ 78. Kb4
Nxf3 79. b6 Kd7 80. Kb5 Nd4+ 81. Bxd4 exd4 82. Kc4 f3 83. Kd3 Kc6 84. e5 Kxb6
85. e6 Kc6 86. Kxd4 0-1

[Event "FIDE WCC Blitz 2016 Men"]
[Site "Doha"]
[Date "2016.12.30"]
[Round "17"]
[White "Potapov, Pavel"]
[Black "Neelotpal, Das"]
[Result "1-0"]
[WhiteElo "2493"]
[BlackElo "2463"]
[PlyCount "119"]
[EventDate "2016.??.??"]
[EventType "blitz"]
[EventCountry "QAT"]
[SourceTitle "playchess.com"]
[Source "ChessBase"]

1. e4 g6 2. Nc3 Bg7 3. h4 h5 4. d4 a6 5. Nf3 b5 6. Be3 Bb7 7. Bd3 d6 8. Ng5 Nd7
9. Qd2 c5 10. dxc5 Nxc5 11. a3 Nf6 12. Bxc5 dxc5 13. e5 Ng4 14. e6 f5 15. Nf7
Qc8 16. Nxh8 Qxe6+ 17. Qe2 Qxe2+ 18. Bxe2 Bxh8 19. O-O e6 20. Rfe1 Ke7 21. Bf3
Bxf3 22. gxf3 Ne5 23. Kg2 Rd8 24. Rad1 Rxd1 25. Nxd1 Nc4 26. c3 Bf6 27. Kg3
Be5+ 28. f4 Bf6 29. Re2 Nb6 30. Ne3 Kd7 31. Rd2+ Kc7 32. f3 Be7 33. Re2 Bd6 34.
Rd2 c4 35. Rg2 Nd7 36. Nc2 Nc5 37. Nd4 Kd7 38. Re2 Bc7 39. Rd2 Nd3 40. Ne2 Bd6
41. Kg2 Ke7 42. Kg3 Kf7 43. b4 Ke7 44. a4 Kd7 45. Ra2 Kc6 46. axb5+ axb5 47.
Ra6+ Kd5 48. Rb6 e5 49. Rxb5+ Kc6 50. Ra5 exf4+ 51. Kg2 Be5 52. Ra6+ Kb5 53.
Rxg6 Ka4 54. Rg5 Kb3 55. b5 Bxc3 56. Nxc3 Kxc3 57. b6 Nc5 58. Rxf5 Nd7 59. b7
Kd4 60. Rf7 1-0

[Event "FIDE WCC Blitz 2016 Men"]
[Site "Doha"]
[Date "2016.12.30"]
[Round "17"]
[White "Bok, Benjamin"]
[Black "Bu, Xiangzhi"]
[Result "1/2-1/2"]
[WhiteElo "2598"]
[BlackElo "2705"]
[PlyCount "186"]
[EventDate "2016.??.??"]
[EventType "blitz"]
[EventCountry "QAT"]
[SourceTitle "playchess.com"]
[Source "ChessBase"]

1. e4 e5 2. Nf3 Nc6 3. Bb5 a6 4. Ba4 Nf6 5. O-O Bc5 6. c3 b5 7. Bb3 d6 8. d4
Bb6 9. Be3 exd4 10. cxd4 O-O 11. Nbd2 h6 12. h3 Na5 13. Bc2 Re8 14. Re1 Bb7 15.
d5 c6 16. b4 Nc4 17. Nxc4 bxc4 18. Ba4 Rc8 19. Bxb6 Qxb6 20. Qc2 Re7 21. dxc6
Bxc6 22. Bxc6 Rxc6 23. a3 Rc8 24. Rad1 a5 25. bxa5 Qxa5 26. Rxd6 Qxa3 27. e5
Rxe5 28. Nxe5 Qxd6 29. Nxc4 Qd4 30. Rc1 Ne4 31. Rd1 Qxf2+ 32. Qxf2 Nxf2 33.
Kxf2 Rxc4 34. Rd7 h5 35. Rd5 g6 36. Ra5 Kg7 37. Rb5 Rc2+ 38. Kf3 Kf6 39. h4 Ke6
40. g3 Rd2 41. Rb6+ Ke5 42. Rb7 Ke6 43. Rb6+ Rd6 44. Rb7 f6 45. Ra7 Rd5 46. Ra8
Kf5 47. Ra4 Rc5 48. Rb4 g5 49. hxg5 fxg5 50. Rb8 Rc3+ 51. Kg2 Re3 52. Rb5+ Re5
53. Rb8 Re2+ 54. Kf3 Re5 55. Rf8+ Kg6 56. Rg8+ Kf7 57. Rh8 Kg6 58. Rg8+ Kf6 59.
Rh8 g4+ 60. Kf2 Ra5 61. Rb8 Ke5 62. Re8+ Kd4 63. Rd8+ Ke4 64. Re8+ Re5 65. Ra8
Rf5+ 66. Kg2 Rd5 67. Ra4+ Ke3 68. Rf4 Ra5 69. Rf8 Ra2+ 70. Kg1 Rb2 71. Rf7 Rc2
72. Rf8 Re2 73. Rf7 Rc2 74. Rf8 Ke4 75. Rf4+ Ke5 76. Rf8 Rc5 77. Kg2 Rd5 78.
Re8+ Kd4 79. Kf2 Rf5+ 80. Kg2 Re5 81. Rf8 Ke4 82. Rf4+ Ke3 83. Rf7 Rd5 84. Rf8
Ke4 85. Re8+ Re5 86. Rf8 Ke3 87. Re8 Ke4 88. Rxe5+ Kd4 89. Kf2 Kc4 90. Rd5 Kxd5
91. Kg1 Ke5 92. Kg2 Ke6 93. Kf2 Kf6 1/2-1/2

[Event "FIDE WCC Blitz 2016 Men"]
[Site "Doha"]
[Date "2016.12.30"]
[Round "18"]
[White "Perez Ponsa, Federico"]
[Black "Zhigalko, Sergei"]
[Result "0-1"]
[WhiteElo "2585"]
[BlackElo "2671"]
[PlyCount "82"]
[EventDate "2016.??.??"]
[EventType "blitz"]
[EventCountry "QAT"]
[SourceTitle "playchess.com"]
[Source "ChessBase"]

1. d4 Nf6 2. Bf4 e6 3. Nf3 d5 4. e3 Bd6 5. Bg3 O-O 6. Nbd2 b6 7. c3 c5 8. Ne5
Bb7 9. Bd3 Nc6 10. Qe2 Qc7 11. Nxc6 Bxc6 12. Bh4 Nd7 13. Nf3 e5 14. dxe5 Nxe5
15. Nxe5 Bxe5 16. Bg3 Rfe8 17. Qc2 h5 18. O-O-O b5 19. Bxe5 Qxe5 20. Kb1 a5 21.
h3 b4 22. cxb4 c4 23. Bh7+ Kh8 24. b5 Bxb5 25. Rd4 g6 26. Bxg6 fxg6 27. Qxg6
Ra6 28. Qc2 Rg8 29. g4 Be8 30. Ka1 Bg6 31. Qc3 Be4 32. Rg1 a4 33. f4 Qg7 34. g5
Rb6 35. Rgd1 Rgb8 36. R1d2 h4 37. f5 Bxf5 38. Rf2 Rb5 39. Rfd2 Ra8 40. b3 a3
41. b4 Rab8 0-1

[Event "FIDE WCC Blitz 2016 Men"]
[Site "Doha"]
[Date "2016.12.30"]
[Round "18"]
[White "Kozul, Zdenko"]
[Black "Ganguly, Surya Shekhar"]
[Result "0-1"]
[WhiteElo "2613"]
[BlackElo "2668"]
[PlyCount "99"]
[EventDate "2016.??.??"]
[EventType "blitz"]
[EventCountry "QAT"]
[SourceTitle "playchess.com"]
[Source "ChessBase"]

1. Nf3 d5 2. g3 g6 3. Bg2 Bg7 4. O-O e5 5. d3 Ne7 6. c4 dxc4 7. dxc4 Qxd1 8.
Rxd1 e4 9. Nd4 f5 10. Nc3 c6 11. Be3 Na6 12. Rd2 Bd7 13. Rad1 O-O-O 14. f3 exf3
15. exf3 Bf6 16. f4 Rhe8 17. Bf2 Kc7 18. a3 Nc8 19. b3 Nc5 20. b4 Ne6 21. Nf3
Nb6 22. Bxb6+ axb6 23. Ne2 Bc8 24. h4 Ng7 25. Rxd8 Rxd8 26. Rxd8 Kxd8 27. Ng5
h5 28. b5 Kc7 29. Kf2 Kd6 30. Ke3 Kc5 31. Kd3 cxb5 32. cxb5 Kxb5 33. Bd5 Bd7
34. Bf7 Be8 35. Bb3 Kc5 36. Nf3 b5 37. Ne5 b4 38. a4 Kd6 39. Kd4 Ne6+ 40. Bxe6
Kxe6 41. Kc4 Bxe5 42. fxe5 Bxa4 43. Nf4+ Kxe5 44. Nxg6+ Ke4 45. Kxb4 Bc6 46.
Kc5 Kf3 47. Nf4 Be8 48. Ne6 Kxg3 49. Ng7 Bg6 50. Kd4 0-1

[Event "FIDE WCC Blitz 2016 Men"]
[Site "Doha"]
[Date "2016.12.30"]
[Round "18"]
[White "Amonatov, Farrukh"]
[Black "Christiansen, Johan-Sebastian"]
[Result "0-1"]
[WhiteElo "2620"]
[BlackElo "2429"]
[PlyCount "103"]
[EventDate "2016.??.??"]
[EventType "blitz"]
[EventCountry "QAT"]
[SourceTitle "playchess.com"]
[Source "ChessBase"]

1. e4 e6 2. d4 d5 3. Nc3 Nf6 4. Bg5 dxe4 5. Nxe4 Be7 6. Bxf6 gxf6 7. Nf3 f5 8.
Ned2 c5 9. dxc5 Bxc5 10. Bb5+ Bd7 11. Bxd7+ Nxd7 12. Qe2 O-O 13. O-O-O Nf6 14.
Ne5 Qa5 15. Kb1 Rad8 16. g4 fxg4 17. Ne4 Be7 18. Nxf6+ Bxf6 19. Nd7 Bxb2 20.
Qxg4+ Bg7 21. Nf6+ Kh8 22. Qh4 h6 23. Rhg1 Qb5+ 24. Kc1 Qe5 25. Rd7 Qxf6 26.
Qxf6 Bxf6 27. Rxb7 Bg5+ 28. Kb2 Rb8 29. Rb3 a5 30. Ka3 Be7+ 31. Ka4 Rb4+ 32.
Rxb4 axb4 33. Rd1 Ra8+ 34. Kb3 Ra3+ 35. Kb2 Bf6+ 36. Kb1 Rf3 37. Rd2 Bc3 38.
Re2 Rh3 39. a4 bxa3 40. Ka2 Bb2 41. c4 Rc3 42. Re4 Kg7 43. h4 Kf6 44. Rf4+ Ke7
45. Rg4 f5 46. Rg6 Bc1 47. Rg7+ Kf6 48. Rg8 Rxc4 49. Ra8 Ke7 50. h5 Bb2 51.
Ra7+ Kf6 52. f4 0-1

[Event "FIDE WCC Blitz 2016 Men"]
[Site "Doha"]
[Date "2016.12.30"]
[Round "18"]
[White "Jobava, Baadur"]
[Black "Carlsen, Magnus"]
[Result "0-1"]
[WhiteElo "2702"]
[BlackElo "2840"]
[PlyCount "111"]
[EventDate "2016.??.??"]
[EventType "blitz"]
[EventCountry "QAT"]
[SourceTitle "playchess.com"]
[Source "ChessBase"]

1. d4 d5 2. Nc3 Nf6 3. Bf4 a6 4. e3 e6 5. Nf3 c5 6. a3 b5 7. Bd3 Bb7 8. O-O
Nbd7 9. Re1 Be7 10. Ne5 O-O 11. Nxd7 Nxd7 12. Qh5 f5 13. h3 Rc8 14. Bh2 Qb6 15.
Rad1 Bd6 16. Bxd6 Qxd6 17. Qh4 Rce8 18. Bf1 e5 19. dxc5 Qxc5 20. Qb4 Rc8 21.
Nxd5 Bxd5 22. Qxc5 Rxc5 23. b4 Rxc2 24. Rxd5 Rf7 25. Red1 Nf6 26. Rxe5 g6 27.
Re6 Ne4 28. Rxa6 Nxf2 29. Re1 Rd7 30. Re2 Rxe2 31. Bxe2 Ne4 32. Bxb5 Rd1+ 33.
Kh2 Kg7 34. Bc6 Nd2 35. Kg3 Nc4 36. a4 Nxe3 37. a5 g5 38. Kf2 f4 39. Ke2 Rb1
40. b5 Rb2+ 41. Kd3 Nxg2 42. Bxg2 Rxg2 43. b6 Rb2 44. Ra7+ Kg6 45. b7 f3 46.
Ra6+ Kh5 47. Rf6 Rxb7 48. Rxf3 Rb3+ 49. Ke4 Rb4+ 50. Ke3 Ra4 51. Rf7 h6 52. Ra7
Ra3+ 53. Ke4 Rxh3 54. a6 Ra3 55. Ra8 Kg4 56. Kd4 0-1

[Event "FIDE WCC Blitz 2016 Men"]
[Site "Doha"]
[Date "2016.12.30"]
[Round "19"]
[White "Borisek, Jure"]
[Black "Henriquez Villagra, Cristobal"]
[Result "1-0"]
[WhiteElo "2561"]
[BlackElo "2517"]
[PlyCount "65"]
[EventDate "2016.??.??"]
[EventType "blitz"]
[EventCountry "QAT"]
[SourceTitle "playchess.com"]
[Source "ChessBase"]

1. e4 c5 2. Nf3 d6 3. Bb5+ Nd7 4. O-O Ngf6 5. Re1 a6 6. Bd3 e6 7. c3 Be7 8. Bc2
b6 9. d4 cxd4 10. cxd4 Bb7 11. Nbd2 Rc8 12. Nf1 Qc7 13. Bd3 d5 14. e5 Ne4 15.
Ng3 Nxg3 16. hxg3 b5 17. g4 Nb6 18. g3 Nc4 19. Kg2 h6 20. Rh1 Kd7 21. b3 Na3
22. Bd2 b4 23. Rc1 Qb6 24. Qe2 a5 25. Rxc8 Rxc8 26. g5 hxg5 27. Bxg5 Bxg5 28.
Nxg5 Qxd4 29. Nxf7 Rc3 30. Rd1 Kc7 31. Nd6 Bc6 32. Bb5 Rc2 33. Rxd4 1-0

[Event "FIDE WCC Blitz 2016 Men"]
[Site "Doha"]
[Date "2016.12.30"]
[Round "19"]
[White "Bortnyk, Olexandr"]
[Black "Flores, Diego"]
[Result "1-0"]
[WhiteElo "2581"]
[BlackElo "2579"]
[PlyCount "133"]
[EventDate "2016.??.??"]
[EventType "blitz"]
[EventCountry "QAT"]
[SourceTitle "playchess.com"]
[Source "ChessBase"]

1. e4 c5 2. Nf3 e6 3. Nc3 a6 4. g3 b5 5. Bg2 Bb7 6. d3 d6 7. O-O Nd7 8. Qe2 Be7
9. Bd2 Ngf6 10. Ng5 Qc7 11. f4 O-O 12. Rae1 b4 13. Nd1 Rfe8 14. e5 Bxg2 15.
Kxg2 Nd5 16. exd6 Qxd6 17. Qh5 Bxg5 18. fxg5 Rf8 19. Nf2 Qc6 20. Kg1 f5 21. g6
hxg6 22. Qxg6 Rae8 23. Nh3 N7f6 24. Bf4 Ne7 25. Qg5 Nh7 26. Qh4 Ng6 27. Qh5
Nxf4 28. Rxf4 Nf6 29. Qg6 Nh7 30. Rh4 Nf6 31. Ng5 Qd7 32. b3 e5 33. Rf1 f4 34.
gxf4 e4 35. Nxe4 Nxe4 36. dxe4 Qd4+ 37. Rf2 Rxe4 38. Qh7+ Kf7 39. Qf5+ Ke7 40.
Qg5+ Kd7 41. Kg2 Re3 42. Qg4+ Kc7 43. Rh3 Qe4+ 44. Rhf3 Rf7 45. Kg3 Re1 46. h3
Rg1+ 47. Rg2 Qe1+ 48. Rff2 Qe3+ 49. Kh2 Re1 50. Qg3 Qc1 51. f5+ Kb7 52. Qf3+
Ka7 53. Rg6 Qb2 54. Qc6 Qe5+ 55. Kg2 Qe4+ 56. Qxe4 Rxe4 57. Kg3 c4 58. Rg4 Re3+
59. Kg2 Rc7 60. bxc4 Rc3 61. h4 R3xc4 62. Rxc4 Rxc4 63. Kg3 Kb6 64. h5 Kc7 65.
h6 gxh6 66. f6 Rc3+ 67. Kh2 1-0

[Event "FIDE WCC Blitz 2016 Men"]
[Site "Doha"]
[Date "2016.12.30"]
[Round "19"]
[White "Bologan, Victor"]
[Black "Kozul, Zdenko"]
[Result "1-0"]
[WhiteElo "2640"]
[BlackElo "2613"]
[PlyCount "83"]
[EventDate "2016.??.??"]
[EventType "blitz"]
[EventCountry "QAT"]
[SourceTitle "playchess.com"]
[Source "ChessBase"]

1. d4 Nf6 2. c4 g6 3. Nc3 Bg7 4. e4 d6 5. Nge2 O-O 6. Ng3 e5 7. d5 c6 8. Be2
cxd5 9. cxd5 Nbd7 10. Be3 a5 11. O-O Nc5 12. f3 Bd7 13. Nh1 Qb8 14. a4 Rc8 15.
Nf2 h5 16. Bb5 Kh7 17. Nd3 b6 18. Nxc5 bxc5 19. Qd2 Rc7 20. b3 Rb7 21. Bc4 Ng8
22. Rab1 Qd8 23. f4 exf4 24. Bxf4 Qe7 25. e5 dxe5 26. d6 Qe8 27. Be3 f5 28.
Bxc5 Nf6 29. Nd5 Nxd5 30. Bxd5 Bc6 31. Rfc1 Bxd5 32. Qxd5 Rab8 33. Rd1 Rd7 34.
Ba3 e4 35. Rbc1 Qe5 36. Qxe5 Bxe5 37. Rc7 Rbd8 38. Rxd7+ Rxd7 39. Rd5 Bc3 40.
Kf1 e3 41. Ke2 f4 42. Rc5 1-0

[Event "FIDE WCC Blitz 2016 Men"]
[Site "Doha"]
[Date "2016.12.30"]
[Round "19"]
[White "Inarkiev, Ernesto"]
[Black "Adhiban, B."]
[Result "1-0"]
[WhiteElo "2709"]
[BlackElo "2666"]
[PlyCount "116"]
[EventDate "2016.??.??"]
[EventType "blitz"]
[EventCountry "QAT"]
[SourceTitle "playchess.com"]
[Source "ChessBase"]

1. d4 Nf6 2. Nf3 g6 3. g3 Bg7 4. Bg2 O-O 5. O-O d6 6. c4 Nbd7 7. Nc3 e5 8. e4
c6 9. Re1 exd4 10. Nxd4 Ng4 11. Nc2 Nge5 12. Ne3 Nc5 13. Bf1 h5 14. Be2 a5 15.
f4 Ng4 16. Nxg4 Bxg4 17. Bxg4 hxg4 18. Qxg4 Nd3 19. Re2 Qb6+ 20. Kg2 Qb4 21.
Rd2 Nxc1 22. Rxc1 Qxc4 23. Qe2 Qxe2+ 24. Nxe2 Rfd8 25. Rcd1 Kf8 26. b3 Ke7 27.
Nd4 a4 28. Nf3 axb3 29. axb3 Ra3 30. Rd3 Ra2+ 31. R1d2 Rda8 32. Rxd6 Bc3 33.
Rd7+ Ke8 34. Rd8+ Ke7 35. Rxa8 Rxa8 36. Rc2 Bb4 37. Rc4 c5 38. Ne5 Ra2+ 39. Kh3
Rd2 40. Rc1 Re2 41. Nd3 Rxe4 42. Nxc5 Bxc5 43. Rxc5 Rb4 44. Rc3 Kf6 45. Kg4 b6
46. Kf3 Ke6 47. Ke3 Kd5 48. Rd3+ Ke6 49. h3 f5 50. g4 fxg4 51. hxg4 g5 52. f5+
Ke5 53. Kf3 b5 54. Re3+ Kd5 55. Kg3 Rd4 56. f6 Kc5 57. f7 Rd8 58. Re8 Kd5 1-0

[Event "FIDE WCC Blitz 2016 Men"]
[Site "Doha"]
[Date "2016.12.30"]
[Round "20"]
[White "Hirneise, Jens"]
[Black "Tissir, Mohamed"]
[Result "1-0"]
[WhiteElo "2315"]
[BlackElo "2376"]
[PlyCount "125"]
[EventDate "2016.??.??"]
[EventType "blitz"]
[EventCountry "QAT"]
[SourceTitle "playchess.com"]
[Source "ChessBase"]

1. e4 c5 2. Nf3 e6 3. Nc3 a6 4. d4 cxd4 5. Nxd4 b5 6. Bd3 Qb6 7. Nf3 Qc7 8. O-O
Bb7 9. Re1 d6 10. Bg5 Nd7 11. a4 b4 12. Na2 a5 13. c3 bxc3 14. Nxc3 Ngf6 15.
Rc1 Qb6 16. Nb5 Rc8 17. Rxc8+ Bxc8 18. Qc2 Nc5 19. Be3 Be7 20. Rc1 Nfd7 21. Nd2
O-O 22. Nb3 Bb7 23. Nxc5 dxc5 24. b3 Rd8 25. Rd1 Ne5 26. f3 h6 27. Be2 Nc6 28.
Rxd8+ Qxd8 29. Bxc5 Nb4 30. Bxe7 Qxe7 31. Qc7 Qg5 32. f4 Qh4 33. g3 Qf6 34. e5
Qg6 35. Qxb7 Qb1+ 36. Kf2 Nc2 37. Qa8+ Kh7 38. Qe4+ g6 39. Nd4 Qe1+ 40. Kg2
Nxd4 41. Qxd4 Qxe2+ 42. Qf2 Qe4+ 43. Qf3 Qc2+ 44. Kh3 Qb1 45. g4 Qe1 46. Kg2
Qd2+ 47. Kg3 Qe1+ 48. Kh3 Qd2 49. f5 gxf5 50. gxf5 Qg5 51. fxe6 fxe6 52. Qf7+
Kh8 53. Qxe6 Qe3+ 54. Kg4 Qe4+ 55. Kh5 Qf3+ 56. Qg4 Qf7+ 57. Kxh6 Qf8+ 58. Kg5
Qe7+ 59. Kf4 Qb4+ 60. Kf5 Qe7 61. Qh5+ Kg8 62. Qg5+ Kh8 63. Qxe7 1-0

[Event "FIDE WCC Blitz 2016 Men"]
[Site "Doha"]
[Date "2016.12.30"]
[Round "20"]
[White "Gholami, Aryan"]
[Black "Gashimov, Sarkhan"]
[Result "1-0"]
[WhiteElo "2422"]
[BlackElo "2351"]
[PlyCount "77"]
[EventDate "2016.??.??"]
[EventType "blitz"]
[EventCountry "QAT"]
[SourceTitle "playchess.com"]
[Source "ChessBase"]

1. c4 e5 2. Nc3 Nc6 3. Nf3 g6 4. d3 Bg7 5. g3 d6 6. Bg2 h6 7. O-O Nf6 8. Rb1 a5
9. a3 O-O 10. b4 axb4 11. axb4 Be6 12. Ne1 Rb8 13. Nc2 Qd7 14. b5 Ne7 15. Nb4
Bh3 16. e4 c5 17. Nbd5 Nfxd5 18. Nxd5 Nxd5 19. exd5 Bxg2 20. Kxg2 f5 21. f4 Kh7
22. Bd2 Rbe8 23. Re1 Qd8 24. Qf3 Rf7 25. Re2 Rfe7 26. Rbe1 Qa8 27. fxe5 Rxe5
28. Bf4 Rxe2+ 29. Rxe2 Bf8 30. Re6 Qa2+ 31. Kh3 Rd8 32. Qe3 Qb2 33. Re7+ Kh8
34. Rxb7 Qf6 35. Bxh6 f4 36. Bxf4 Qf5+ 37. Kg2 Bg7 38. Rxg7 Kxg7 39. Qe7+ 1-0

[Event "FIDE WCC Blitz 2016 Men"]
[Site "Doha"]
[Date "2016.12.30"]
[Round "20"]
[White "Salinas Herrera, Pablo"]
[Black "Neelotpal, Das"]
[Result "1-0"]
[WhiteElo "2466"]
[BlackElo "2463"]
[PlyCount "81"]
[EventDate "2016.??.??"]
[EventType "blitz"]
[EventCountry "QAT"]
[SourceTitle "playchess.com"]
[Source "ChessBase"]

1. d4 Nf6 2. Bf4 g6 3. e3 Bg7 4. h3 d6 5. Nf3 O-O 6. Be2 b6 7. O-O Bb7 8. c4
Nbd7 9. Bh2 c5 10. Nc3 Ne4 11. Na4 Bc6 12. Rb1 Qc8 13. d5 Bxa4 14. Qxa4 a6 15.
Qc2 Nef6 16. e4 b5 17. b3 Qb8 18. Rfe1 b4 19. Bf1 Ne8 20. Nd2 a5 21. f4 a4 22.
Nf3 axb3 23. axb3 Ra3 24. e5 Qa7 25. Kh1 Nc7 26. exd6 exd6 27. f5 Ne8 28. Qe4
Qb8 29. Bd3 Nb6 30. Qh4 Nf6 31. fxg6 hxg6 32. Ng5 Nbd7 33. Re7 Ne5 34. Bxe5
dxe5 35. Rf1 Nh5 36. Rexf7 Rxb3 37. Bxg6 Ng3+ 38. Kg1 Rxf7 39. Qh7+ Kf8 40.
Rxf7+ Ke8 41. Qg8+ 1-0

[Event "FIDE WCC Blitz 2016 Men"]
[Site "Doha"]
[Date "2016.12.30"]
[Round "20"]
[White "Sanal, Vahap"]
[Black "Hirneise, Tobias"]
[Result "1-0"]
[WhiteElo "2474"]
[BlackElo "2466"]
[PlyCount "51"]
[EventDate "2016.??.??"]
[EventType "blitz"]
[EventCountry "QAT"]
[SourceTitle "playchess.com"]
[Source "ChessBase"]

1. e4 c5 2. Nf3 d6 3. d4 cxd4 4. Nxd4 Nf6 5. Nc3 Nc6 6. Bg5 e6 7. Qd2 a6 8.
O-O-O Bd7 9. f3 b5 10. g4 Ne5 11. f4 Ng6 12. Bg2 Rc8 13. e5 dxe5 14. Nc6 Qc7
15. fxe5 Nxg4 16. Qd4 N4xe5 17. Nxe5 Nxe5 18. Bf4 f6 19. Rhe1 b4 20. Rxe5 fxe5
21. Bxe5 Bc5 22. Qd3 Qd8 23. Ne4 Bc6 24. Qh3 Qe7 25. Bd6 Bxd6 26. Nxd6+ 1-0

[Event "FIDE WCC Blitz 2016 Men"]
[Site "Doha"]
[Date "2016.12.30"]
[Round "20"]
[White "Darini, Pouria"]
[Black "Kozul, Zdenko"]
[Result "1-0"]
[WhiteElo "2511"]
[BlackElo "2613"]
[PlyCount "81"]
[EventDate "2016.??.??"]
[EventType "blitz"]
[EventCountry "QAT"]
[SourceTitle "playchess.com"]
[Source "ChessBase"]

1. e4 c5 2. Nf3 d6 3. d4 cxd4 4. Nxd4 Nf6 5. Nc3 Nc6 6. Bc4 Qb6 7. Nb3 e6 8.
Be2 Be7 9. g4 h6 10. h4 a6 11. Be3 Qc7 12. a4 Na5 13. f4 Nc4 14. Bxc4 Qxc4 15.
Qf3 h5 16. g5 Ng4 17. Bb6 Bd7 18. a5 Rc8 19. O-O-O Qc6 20. Nd4 Qc4 21. Nb3 Qc6
22. Rd2 g6 23. Rhd1 e5 24. Nd5 Qc4 25. Qd3 Qxd3 26. Rxd3 exf4 27. Bd4 Rg8 28.
Nxe7 Kxe7 29. Rf3 Be6 30. Kb1 Rc4 31. Rxf4 Rgc8 32. Bc3 Ne5 33. Nd4 R4c5 34.
Nxe6 fxe6 35. Rf6 Rg8 36. Rdf1 Rg7 37. Rf8 Kd7 38. Rb8 Kc7 39. Rff8 Rh7 40.
Rfc8+ Kd7 41. Rxc5 1-0

[Event "FIDE WCC Blitz 2016 Men"]
[Site "Doha"]
[Date "2016.12.30"]
[Round "20"]
[White "Banikas, Hristos"]
[Black "Bindrich, Falko"]
[Result "1-0"]
[WhiteElo "2568"]
[BlackElo "2590"]
[PlyCount "87"]
[EventDate "2016.??.??"]
[EventType "blitz"]
[EventCountry "QAT"]
[SourceTitle "playchess.com"]
[Source "ChessBase"]

1. Nf3 d5 2. d4 Nf6 3. c4 e6 4. g3 Bb4+ 5. Bd2 Bd6 6. Bg2 c6 7. Qc2 Nbd7 8. O-O
O-O 9. Rd1 Qe7 10. Bg5 h6 11. Bxf6 Nxf6 12. Nc3 dxc4 13. Nd2 e5 14. d5 cxd5 15.
Nxd5 Nxd5 16. Bxd5 c3 17. Qxc3 Bb4 18. Qe3 Bh3 19. Rac1 Kh8 20. Nf3 Rae8 21. a3
Bd6 22. Qxa7 e4 23. Nd4 e3 24. f4 Bxf4 25. gxf4 Qh4 26. Kh1 Rd8 27. Bf3 Qxf4
28. Nc2 Qf6 29. Nxe3 Qxb2 30. Bxb7 Qxe2 31. Re1 Qf2 32. Qc5 f5 33. Ng2 Qb2 34.
Rb1 Qf6 35. Nf4 Bg4 36. Ne6 f4 37. Nxf8 Rxf8 38. Qe7 Qxe7 39. Rxe7 f3 40. Rf1
h5 41. h3 Bxh3 42. Rxf3 Bf5 43. Kh2 g6 44. Be4 1-0